000 01184nam a2200325 i 4500
001 198422
003 ES-MaACL
005 20260624190002.0
007 ta
008 260602s2026 sp ||||| |||| 001 0bspa d
017 _aSE 660-2026
_bOficina Depósito Legal Sevilla
020 _a979-13-7046-363-2
040 _aES-MaACL
_bspa
_cES-MaACL
_erda
080 _a929 Espartero, Baldomero
100 1 _4aut
_aMartín Arranz, Raúl
_eaut
_9156384
245 1 0 _aBaldomero Espartero :
_bel héroe inconstante y familiar /
_cRaúl Martín Arranz
250 _aPrimera edición
264 1 _a[Sevilla] :
_bCírculo Rojo Editorial,
_c2026
300 _a609 páginas ;
_c24 cm
336 _2rdacontent
_aTexto
337 _2rdamedia
_asin mediación
338 _2rdacarrier
_avolumen
504 _aBibliografía: páginas 533-609. Índice
600 1 4 _aEspartero, Baldomero,
_d1793-1879
_947778
852 _aES-MaACL
_cDEPO1
_jA-15910
_hDonación: Raúl Martín Arranz
_xEncuadernación rústica con solapas
_9207398
942 _cMONOGRAFIA
_n0
999 _c198422
_d198422